|
|
|
|
| LEADER |
02757nam a22005775i 4500 |
| 001 |
978-3-642-20630-6 |
| 003 |
DE-He213 |
| 005 |
20170113054609.0 |
| 007 |
cr nn 008mamaa |
| 008 |
110505s2011 gw | s |||| 0|eng d |
| 020 |
|
|
|a 9783642206306
|9 978-3-642-20630-6
|
| 024 |
7 |
|
|a 10.1007/978-3-642-20630-6
|2 doi
|
| 040 |
|
|
|d GrThAP
|
| 050 |
|
4 |
|a QA75.5-76.95
|
| 072 |
|
7 |
|a UNH
|2 bicssc
|
| 072 |
|
7 |
|a UND
|2 bicssc
|
| 072 |
|
7 |
|a COM030000
|2 bisacsh
|
| 082 |
0 |
4 |
|a 025.04
|2 23
|
| 245 |
1 |
0 |
|a GeoSpatial Semantics
|h [electronic resource] :
|b 4th International Conference, GeoS 2011, Brest, France, May 12-13, 2011. Proceedings /
|c edited by Christophe Claramunt, Sergei Levashkin, Michela Bertolotto.
|
| 264 |
|
1 |
|a Berlin, Heidelberg :
|b Springer Berlin Heidelberg :
|b Imprint: Springer,
|c 2011.
|
| 300 |
|
|
|a XII, 235 p.
|b online resource.
|
| 336 |
|
|
|a text
|b txt
|2 rdacontent
|
| 337 |
|
|
|a computer
|b c
|2 rdamedia
|
| 338 |
|
|
|a online resource
|b cr
|2 rdacarrier
|
| 347 |
|
|
|a text file
|b PDF
|2 rda
|
| 490 |
1 |
|
|a Lecture Notes in Computer Science,
|x 0302-9743 ;
|v 6631
|
| 520 |
|
|
|a This book constitutes the refereed proceedings of the 4th International Conference on GeoSpatial Semantics, GeoS 2011, held in Brest, France, in May 2011. The 13 papers presented together with 1 invited talk were carefully reviewed and selected from 23 submissions. The papers focus on formal and semantic approaches, time and activity-based patterns, ontologies, as well as quality, conflicts and semantic integration. They are organized in topical sections on ontologies and gazetteers, activity-based and temporal issues, models, quality and semantic similarities, and retrieval and discovery methods.
|
| 650 |
|
0 |
|a Computer science.
|
| 650 |
|
0 |
|a Earth sciences.
|
| 650 |
|
0 |
|a Special purpose computers.
|
| 650 |
|
0 |
|a Database management.
|
| 650 |
|
0 |
|a Data mining.
|
| 650 |
|
0 |
|a Information storage and retrieval.
|
| 650 |
1 |
4 |
|a Computer Science.
|
| 650 |
2 |
4 |
|a Information Storage and Retrieval.
|
| 650 |
2 |
4 |
|a Earth Sciences, general.
|
| 650 |
2 |
4 |
|a Information Systems Applications (incl. Internet).
|
| 650 |
2 |
4 |
|a Data Mining and Knowledge Discovery.
|
| 650 |
2 |
4 |
|a Database Management.
|
| 650 |
2 |
4 |
|a Special Purpose and Application-Based Systems.
|
| 700 |
1 |
|
|a Claramunt, Christophe.
|e editor.
|
| 700 |
1 |
|
|a Levashkin, Sergei.
|e editor.
|
| 700 |
1 |
|
|a Bertolotto, Michela.
|e editor.
|
| 710 |
2 |
|
|a SpringerLink (Online service)
|
| 773 |
0 |
|
|t Springer eBooks
|
| 776 |
0 |
8 |
|i Printed edition:
|z 9783642206290
|
| 830 |
|
0 |
|a Lecture Notes in Computer Science,
|x 0302-9743 ;
|v 6631
|
| 856 |
4 |
0 |
|u http://dx.doi.org/10.1007/978-3-642-20630-6
|z Full Text via HEAL-Link
|
| 912 |
|
|
|a ZDB-2-SCS
|
| 912 |
|
|
|a ZDB-2-LNC
|
| 950 |
|
|
|a Computer Science (Springer-11645)
|